40s : All-American Ads /

Obra serial que ofrece un panorama de la publicidad impresa norteamericana, con monografías estructuradas por décadas, excepto el primer volumen de la serie, que abarca los primeros 20 años del siglo XX. Cada número abre con un texto que perfila el estado del campo y presenta luego una amplia selecc...

Fuld beskrivelse

Guardado en:
Bibliografiske detaljer
Hovedforfatter: Heimann, Jim (edición)
Andre forfattere: Wilkerson, Willy R. (introducción) (introducción)
Format: Bog
Sprog:spansk
Udgivet: Colonia, Alemania : Taschen, 2014, c2014
Serier:(All-American Ads)
Fag:
Tags: Tilføj Tag
Ingen Tags, Vær først til at tagge denne postø!

MARC

LEADER 00000nam^a2200000^a^4500
001 000406521
005 20250521000000.0
009 20260310121901.078
020 |a 978-3-8365-5131-1 
037 |a Acervo ITESO - Biblioteca 
041 |a ESP 
082 |a 741. 670973  |b ALL 1940 
100 |a Heimann, Jim  |e (edición) 
240 1 1 |a [All-American Ads] 
245 1 0 |a 40s :  |b All-American Ads /  |c Ed. de J. Heimann ; introd. de W.R. Wilkerson ; tr. por Stefan Barmann, Simone Manceau, Gemma Deza Guil. 
264 4 |a Colonia, Alemania :  |b Taschen,  |c 2014, c2014 
300 |a 704 p. 
336 |a texto  |b txt  |2 rdacontenido 
337 |a sin mediación  |b n  |2 rdamedio 
338 |a volumen  |b nc  |2 rdasoporte 
440 1 |a (All-American Ads) 
520 |a Obra serial que ofrece un panorama de la publicidad impresa norteamericana, con monografías estructuradas por décadas, excepto el primer volumen de la serie, que abarca los primeros 20 años del siglo XX. Cada número abre con un texto que perfila el estado del campo y presenta luego una amplia selección de la producción del período. 
546 |a Edición multilingüe 
649 |a XX 
650 |a Consumo -  |z EUA -  |x Historia -  |y 1940-1949 
650 |a Publicidad Impresa -  |z EUA -  |x Historia -  |y 1940-1949 -  |x Tema Principal 
650 |a Publicidad Impresa -  |z EUA -  |x Historia -  |y Siglo XX 
650 |a Diseño Gráfico -  |z EUA -  |x Historia -  |y 1940-1949 
650 |a Diseño Gráfico -  |z EUA -  |x Historia -  |y Siglo XX 
650 |a Comunicación Visual -  |z EUA -  |x Historia -  |y 1940-1949 
650 |a Comunicación Visual -  |z EUA -  |x Historia -  |y Siglo XX 
650 |a EUA -  |x Historia -  |y 1940-1949 
650 |a EUA -  |x Historia -  |y Siglo XX 
700 |a Wilkerson, Willy R.  |e (introducción) 
910 |a Fondo General 
920 |a Impresos - Libros 
930 |a Reserva Especial 
905 |a 103 
901 |a 0500311115  |b IT1  |c REE  |i C149749  |u 20250521 
902 |a https://opac.biblio.iteso.mx/vufind/Record/000406521